000 00754nam a2200253Ia 4500
003 OSt
005 20220928112948.0
006 a|||||r|||| 00| 0
007 ta
008 220927b |||||||| |||| 00| 0 eng d
020 _c9411.6499999999996
024 _a124818
037 _b150, 05/11/2014, N.R.Book Distributors
_cTextual
040 _aSDCL
_cSDCL
_beng
041 _2eng
_aeng
082 _aJ381:5, Q4
100 _aFageria Nand kumar
_9430950
245 0 _aMineral nutrition of rice
260 _aBoca Raton
_b CRC Press
_c2014
300 _aV11-552P
_ccm.
650 _aPlant Molecular Biology
942 _hJ381:5, Q4
_cTEXL
_2CC
999 _c747373
_d747373